000 00716nam a2200253Ia 4500
003 OSt
005 20221005031820.0
006 a|||||r|||| 00| 0
007 ta
008 221004b |||||||| |||| 00| 0 tam d
020 _c4.00
024 _a63509
037 _cTextual
040 _aCRL
_cCRL
_btam
041 _2tam
_atam
082 _aO31,1M88w,1, J5;1
100 _aNamakkal kavingar V. Ramalingam Pillai Au.
_9584374
245 0 _aEn Kathai
260 _aChennai
_bPazhaniappa Brothers India
_c1963
300 _a285p.
_ccm.
650 _aTAMIL LITERATURE
942 _hO31,1M88w,1, J5;1
_cTEXL
_2cc
999 _c938553
_d938553